000 00295nam a22001337a 4500
008 181204b xxu||||| |||| 00| 0 eng d
020 _a9780471578130
041 _aeng
080 _a004
100 _a38
101 _aSHK
245 _aDevelopping User Interfaces
_cHix.D
942 _2udc
_cBK
999 _c52795
_d52795